[Event "GER-ch U08 Girls"]
[Site "Willingen"]
[Date "2024.05.22"]
[Round "1"]
[White "Severin, Selina Jasmin"]
[Black "Dobrynina, Alina"]
[Result "1-0"]
[WhiteElo "1101"]
[BlackElo "781"]
[PlyCount "103"]
[EventDate "2024.05.22"]
[EventType "swiss"]
[EventRounds "7"]
[EventCountry "GER"]
[SourceTitle "CBM 220 Extra"]
[Source "ChessBase"]
[SourceDate "2024.07.31"]
[SourceVersion "1"]
[SourceVersionDate "2024.07.31"]
[SourceQuality "1"]

1. e4 e5 2. Nf3 Nc6 3. Nc3 Bc5 4. Nxe5 Nxe5 5. d4 Bb6 6. dxe5 f6 7. Bf4 fxe5 8. Bxe5 Qh4 9. g3 Qe7 10. Bd4 c5 11. Be3 Nf6 12. Qd3 d6 13. Nd5 Nxd5 14. Qxd5 Be6 15. Qg5 Ba5+ 16. c3 Qd7 17. a4 h6 18. Qh4 d5 19. Bb5 Qxb5 20. axb5 Bd8 21. Qh5+ Bf7 22. Qe2 0-0 23. Bxc5 Re8 24. 0-0 Rxe4 25. Qf3 b6 26. Be3 Bg5 27. Bxg5 hxg5 28. h3 Be6 29. g4 Rf8 30. Qd3 Bxg4 31. Rfe1 Ref4 32. Qxd5+ Kh8 33. hxg4 Rxg4+ 34. Kf1 Rgf4 35. Re2 R4f5 36. Qb3 g4 37. c4 g3 38. Qxg3 Rf3 39. Qh4+ Kg8 40. Rd1 R8f4 41. Rd8+ Kf7 42. Qe7+ Kg6 43. Rd6+ Rf6 44. Rxf6+ Rxf6 45. Re6 Rxe6 46. Qxe6+ Kg5 47. Kg2 Kf4 48. Qd5 g5 49. Qd4+ Kf5 50. Qe3 Kg4 51. Qf3+ Kh4 52. Qh3# 1-0